| 000 | 00476 a2200157 4500 | ||
|---|---|---|---|
| 020 | _a0443056072 | ||
| 050 |
_aRC46 _b.D38 1995 |
||
| 245 |
_aDavidsons : _bpriciples and practice of medicine / |
||
| 250 | _a17th ed. | ||
| 260 |
_aEdinburgh : _bChurchill Livingstone, _cc1996. |
||
| 300 |
_ax,1203p. : _bsome col. ill. ; _c25cm. |
||
| 490 | _vX 1203 | ||
| 504 | _aincludes bibliographical references and index | ||
| 600 |
_asir stanley davidson _d1981 _96147 |
||
| 942 |
_2lcc _cBK _n0 |
||
| 999 |
_c2989 _d2989 |
||